[Event "11th European Senior"]
[Site "Courmayeur ITA"]
[Date "2011.04.12"]
[Round "7.42"]
[White "Acunzo, Domenico"]
[Black "Gulinelli, Evro"]
[Result "1/2-1/2"]
[WhiteElo "1769"]
[BlackElo "1658"]
[WhiteFideId "825751"]
[BlackFideId "802069"]
[EventDate "2011.04.06"]

1. e4 c6 2. d4 d5 3. exd5 cxd5 4. c4 Nf6 5. Nc3 g6 6. Nf3 Bg7 7. h3 O-O 8. Be3
Nc6 9. a3 Re8 10. Bd3 e5 11. cxd5 exd4 12. dxc6 dxe3 13. O-O exf2+ 14. Rxf2 bxc6
15. Qc2 Bh6 16. Re2 Qb6+ 17. Kh1 Ba6 18. Bxa6 Qxa6 19. Rae1 Rxe2 20. Rxe2 Re8
21. Rxe8+ Nxe8 22. Qe2 Qxe2 23. Nxe2 Nd6 24. b4 Nc4 25. Nfd4 Nxa3 26. Nxc6 Be3
27. Nc3 Nc2 28. g4 Bd2 29. Nd5 Ne3 30. Nde7+ Kf8 31. b5 Nc4 32. Nc8 Be3 33.
N6xa7 Bxa7 34. Nxa7 Ke8 35. Nc6 Kd7 36. Kg2 f6 37. Kf3 Na3 38. Nd4 Nc4 1/2-1/2

[Event "11th European Senior"]
[Site "Courmayeur ITA"]
[Date "2011.04.12"]
[Round "7.43"]
[White "Maestri, Roberto"]
[Black "Hlinschi, Mihai"]
[Result "0-1"]
[WhiteElo "1766"]
[BlackElo "1702"]
[WhiteFideId "871354"]
[BlackFideId "1206800"]
[EventDate "2011.04.06"]

1. e4 e5 2. d4 exd4 3. Qxd4 Nc6 4. Qa4 d6 5. Nc3 Bd7 6. Nf3 Be7 7. Be2 Nf6 8.
O-O O-O 9. Bf4 a6 10. Qc4 h6 11. Rad1 Re8 12. e5 dxe5 13. Nxe5 Nxe5 14. Bxe5 c6
15. Qd3 Be6 16. Qg3 Qa5 17. Ne4 Kf8 18. Nxf6 gxf6 19. Bc3 Qg5 20. Bd2 Qxg3 21.
fxg3 Kg7 22. Bc3 Bd5 23. Bf3 Bc4 24. Rfe1 Bc5+ 25. Kh1 Rxe1+ 26. Rxe1 Rd8 27.
Re4 Be6 28. Rf4 Be7 29. Kg1 Kg6 30. Be4+ f5 31. Bd3 Rd5 32. Kf2 h5 33. Kf3 Kh6
34. h4 b5 35. Bd2 Kg7 36. Bc3+ f6 37. b3 c5 38. Ke3 Bd6 39. Rf3 Kg6 40. Ke2 Be5
41. Bd2 c4 42. bxc4 bxc4 43. Bxc4 Rxd2+ 44. Kxd2 Bxc4 45. Ra3 Bd6 46. Ra4 Bb5
47. Rd4 Bxg3 48. c4 Be5 49. Kd3 Bc6 50. g3 f4 0-1

[Event "11th European Senior"]
[Site "Courmayeur ITA"]
[Date "2011.04.12"]
[Round "7.44"]
[White "Schiappacasse, Marcello"]
[Black "De Polzer, Manfredi"]
[Result "1-0"]
[WhiteElo "1896"]
[BlackElo "1697"]
[WhiteFideId "808369"]
[BlackFideId "835277"]
[EventDate "2011.04.06"]

1. e4 e6 2. d4 d5 3. Nd2 dxe4 4. Nxe4 Nf6 5. Bg5 Be7 6. Bxf6 Bxf6 7. Nf3 O-O 8.
c3 b6 9. Bd3 Bb7 10. Qc2 Nd7 11. O-O-O Be7 12. h4 f5 13. Neg5 Bxg5+ 14. Nxg5 Qf6
15. Qa4 Rfd8 16. Rhe1 Nf8 17. Re5 Rd5 18. Rde1 Rxe5 19. dxe5 Qe7 20. f3 h6 21.
Nh3 Qxh4 22. Qxh4 1-0

[Event "11th European Senior"]
[Site "Courmayeur ITA"]
[Date "2011.04.12"]
[Round "7.45"]
[White "Bogatto, Mario"]
[Black "Gonzalo Gonzalez, Francisco"]
[Result "0-1"]
[WhiteElo "1446"]
[BlackElo "1740"]
[WhiteFideId "820369"]
[BlackFideId "2252171"]
[EventDate "2011.04.06"]

1. e4 c5 2. Nf3 Nc6 3. Bb5 d6 4. Bxc6+ bxc6 5. O-O g6 6. d3 Bg7 7. Re1 Nf6 8.
Nbd2 O-O 9. Rb1 Bg4 10. h3 Be6 11. b3 Qc8 12. Bb2 Bh6 13. Bxf6 exf6 14. Nf1 f5
15. e5 d5 16. c4 Rd8 17. Qc2 Qc7 18. Rbd1 Bf4 19. d4 cxd4 20. Rxd4 Bh6 21. Rh4
Bg7 22. c5 h6 23. N1h2 Re8 24. Rd4 Bd7 25. Qe2 Re7 26. Nd2 Rxe5 27. Ne4 Rxe4 28.
Rxe4 fxe4 29. Qe3 h5 30. f3 Re8 31. f4 Bh6 32. Rf1 Qa5 33. Rf2 Qb4 34. Rd2 Bf8
35. Kf1 Bxc5 36. Qe2 e3 37. Rd3 Qxf4+ 38. Nf3 g5 39. Ke1 g4 40. hxg4 Bxg4 41.
Kd1 h4 42. b4 Qxb4 43. Rb3 Qa4 0-1

[Event "11th European Senior"]
[Site "Courmayeur ITA"]
[Date "2011.04.12"]
[Round "7.48"]
[White "Luebbers, Doris"]
[Black "Cesati Cassin, Giorgio"]
[Result "1/2-1/2"]
[WhiteElo "1602"]
[BlackElo "1595"]
[WhiteFideId "24630080"]
[BlackFideId "845990"]
[EventDate "2011.04.06"]

1. d4 Nf6 2. Bf4 g6 3. h3 Bg7 4. c3 O-O 5. Nf3 d6 6. e3 Nbd7 7. Be2 Re8 8. O-O
Nh5 9. Bh2 e5 10. dxe5 Nxe5 11. Bxe5 dxe5 12. Qxd8 Rxd8 13. Rd1 Be6 14. Nbd2 f5
15. Bc4 Bxc4 16. Nxc4 e4 17. Nd4 Kf7 18. Kf1 f4 19. exf4 Nxf4 20. Nd2 c5 21. Nc2
Nd3 22. Rab1 Re8 23. Ne3 Rad8 24. Ndc4 b6 25. Na3 a6 26. Nac4 b5 27. Na3 1/2-1/2

[Event "11th European Senior"]
[Site "Courmayeur ITA"]
[Date "2011.04.12"]
[Round "7.49"]
[White "Breidenbach, Heinz"]
[Black "Lisandri, Luigi"]
[Result "1-0"]
[WhiteElo "1548"]
[BlackElo "1448"]
[WhiteFideId "842672"]
[BlackFideId "820377"]
[EventDate "2011.04.06"]

1. d4 Nf6 2. Nf3 g6 3. h3 Bg7 4. Bf4 d6 5. e3 O-O 6. Be2 Nbd7 7. Nbd2 Re8 8. Bh2
e5 9. dxe5 Nxe5 10. c3 Be6 11. Nxe5 dxe5 12. Bxe5 Bd5 13. Bxf6 Bxf6 14. O-O c5
15. Nf3 Bc6 16. Qxd8 Raxd8 17. Rad1 Kg7 18. Rxd8 Rxd8 19. Rd1 a5 20. Kf1 b5 21.
b3 b4 22. Rxd8 Bxd8 23. Ne5 Bf6 24. Nxc6 bxc3 25. Bd3 h5 26. Nxa5 1-0

[Event "11th European Senior"]
[Site "Courmayeur ITA"]
[Date "2011.04.13"]
[Round "8.1"]
[White "Cebalo, Miso"]
[Black "Suba, Mihai"]
[Result "0-1"]
[WhiteTitle "GM"]
[BlackTitle "GM"]
[WhiteElo "2486"]
[BlackElo "2465"]
[WhiteFideId "14500094"]
[BlackFideId "1203363"]
[EventDate "2011.04.06"]

1. d4 e6 2. c4 Nf6 3. Nc3 Bb4 4. Qc2 O-O 5. e4 d6 6. a3 Bxc3+ 7. bxc3 e5 8. Bd3
c5 9. d5 Re8 10. Ne2 Nbd7 11. O-O Nf8 12. h3 Ng6 13. f4 exf4 14. Bxf4 Nxf4 15.
Rxf4 Nd7 16. e5 Nxe5 17. Bxh7+ Kh8 18. Be4 g6 19. Raf1 f5 20. Bd3 Qe7 21. R4f2
Bd7 22. Nf4 Qg5 23. g4 Kg8 24. Be2 fxg4 25. Bxg4 Bf5 26. Qc1 Bxg4 27. hxg4 Rf8
28. Qe3 Rae8 29. Qg3 Qxg4 30. Qxg4 Nxg4 31. Rf3 Re3 32. Rxe3 Nxe3 33. Re1 Rxf4
34. Rxe3 Kf7 35. Re6 Rxc4 36. Rxd6 Ke7 37. Rxg6 Rxc3 38. Rg7+ Kd6 39. Rxb7 Rxa3
40. Kf2 Kxd5 41. Ke2 a5 42. Kd2 Kc4 43. Kc2 Ra2+ 44. Kb1 Rd2 45. Ra7 a4 46. Kc1
Ra2 47. Rh7 Re2 48. Rh4+ Kb3 49. Rh3+ Kb4 50. Kb1 c4 51. Rh8 Rd2 52. Rh7 Kc3 53.
Rh3+ Rd3 54. Rh8 Rd1+ 55. Ka2 Kc2 56. Rh2+ Kc1 57. Rh4 c3 58. Rh3 c2 59. Rh2 Rd8 0-1

[Event "11th European Senior"]
[Site "Courmayeur ITA"]
[Date "2011.04.13"]
[Round "8.2"]
[White "Timoscenko, Gennadij"]
[Black "Butnorius, Algimantas"]
[Result "1-0"]
[WhiteTitle "GM"]
[BlackTitle "GM"]
[WhiteElo "2502"]
[BlackElo "2388"]
[WhiteFideId "14901536"]
[BlackFideId "12800066"]
[EventDate "2011.04.06"]

1. d4 Nf6 2. c4 e6 3. Nc3 Bb4 4. Qc2 O-O 5. a3 Bxc3+ 6. Qxc3 b6 7. Bg5 Bb7 8. f3
h6 9. Bh4 d5 10. e3 Nbd7 11. cxd5 Nxd5 12. Bxd8 Nxc3 13. Bh4 Nd5 14. Bf2 c5 15.
e4 Nf4 16. Bb5 Rfd8 17. Ne2 Nxe2 18. Kxe2 cxd4 19. Bxd4 Rac8 20. Rac1 Nb8 21.
Be3 Kf8 22. Rhd1 Ba6 23. Bxa6 Nxa6 24. Rxd8+ Rxd8 25. b4 Rd7 26. Rc8+ Ke7 27.
Ra8 h5 28. Bxb6 axb6 29. Rxa6 b5 30. Rb6 Ra7 31. Rxb5 Rxa3 32. Rxh5 Ra2+ 33. Kf1
Kf6 34. Rb5 g5 35. h3 Rb2 36. Kg1 Kg6 37. Rb6 Kf6 38. Kh2 Ke5 39. Kg3 f5 40.
Rb5+ Kf6 41. exf5 exf5 42. Rb8 f4+ 43. Kh2 Kg6 44. b5 Kf6 45. b6 Kg7 46. b7 Kh7
47. h4 1-0

[Event "11th European Senior"]
[Site "Courmayeur ITA"]
[Date "2011.04.13"]
[Round "8.3"]
[White "Kupreichik, Viktor D"]
[Black "Tseitlin, Mark D"]
[Result "1-0"]
[WhiteTitle "GM"]
[BlackTitle "GM"]
[WhiteElo "2431"]
[BlackElo "2420"]
[WhiteFideId "13500066"]
[BlackFideId "2800128"]
[EventDate "2011.04.06"]

1. e4 c5 2. Ne2 d6 3. d4 cxd4 4. Nxd4 Nf6 5. Nc3 a6 6. Bg5 Nbd7 7. f4 Qc7 8. Qe2
g6 9. O-O-O Bg7 10. Kb1 O-O 11. f5 b5 12. h4 Nb6 13. h5 Nxh5 14. Rxh5 gxh5 15.
Qxh5 e5 16. f6 exd4 17. Bd3 Re8 18. e5 h6 19. Bxh6 Rxe5 20. Bh7+ Kxh7 21. Bg5+ 1-0

[Event "11th European Senior"]
[Site "Courmayeur ITA"]
[Date "2011.04.13"]
[Round "8.5"]
[White "Gruzmann, Boris"]
[Black "Chernikov, Oleg L"]
[Result "1/2-1/2"]
[WhiteTitle "FM"]
[BlackTitle "GM"]
[WhiteElo "2281"]
[BlackElo "2438"]
[WhiteFideId "4105290"]
[BlackFideId "4103289"]
[EventDate "2011.04.06"]

1. e4 c5 2. Nf3 Nc6 3. d4 cxd4 4. Nxd4 Nf6 5. Nc3 Rb8 6. Be2 d6 7. O-O g6 8. Be3
Bg7 9. a4 O-O 10. Qd2 d5 11. exd5 Nxd5 12. Nxd5 Nxd4 13. Bc4 Be6 14. Bxd4 Bxd5
15. Bxg7 Bxc4 16. Qc3 Bxf1 17. Bxf8 Qxf8 18. Kxf1 Qd8 19. Qe5 Rc8 20. c3 Rc6 21.
Re1 e6 22. g3 Rd6 23. c4 Rd2 24. Re2 Rd1+ 25. Kg2 b6 26. b4 h5 27. a5 bxa5 28.
bxa5 Rd4 29. Rc2 Qa8+ 30. f3 Rd3 31. Qe4 Qxe4 32. fxe4 e5 33. c5 Rd7 34. Kf3 Kf8
35. Ke3 Ke7 36. Rb2 a6 37. Rb6 Rc7 38. Rxa6 Rxc5 39. Kd3 Rc1 40. Rb6 Ra1 41. a6
Ra4 42. Kc3 f5 43. Kb3 Ra1 44. Rxg6 fxe4 45. Kc2 Ra2+ 46. Kd1 Kf7 47. Rh6 Kg7
48. Rxh5 Rxa6 49. Ke2 Kg6 50. g4 Ra3 1/2-1/2

[Event "11th European Senior"]
[Site "Courmayeur ITA"]
[Date "2011.04.13"]
[Round "8.6"]
[White "Mishuchkov, Nikolai M."]
[Black "Peretz, Malkiel"]
[Result "0-1"]
[WhiteTitle "FM"]
[BlackTitle "FM"]
[WhiteElo "2408"]
[BlackElo "2255"]
[WhiteFideId "4102401"]
[BlackFideId "2800446"]
[EventDate "2011.04.06"]

1. d4 Nf6 2. Nf3 e6 3. c4 d5 4. e3 Be7 5. b3 O-O 6. Bd3 c5 7. O-O Nc6 8. Bb2 b6
9. Nbd2 Bb7 10. Rc1 Rc8 11. dxc5 Bxc5 12. a3 a5 13. cxd5 Qxd5 14. Qc2 Qh5 15.
Ne4 Nxe4 16. Bxe4 Bd6 17. Qb1 f5 18. Bxc6 Bxc6 19. Ne5 Be4 20. Qa1 Qg5 21. f3
Qxe3+ 22. Kh1 Bd5 23. b4 axb4 24. Bd4 Qxa3 25. Nd7 Rxc1 26. Rxc1 Qxa1 27. Rxa1
Ra8 28. Rc1 Bf4 29. Re1 Rc8 30. Nxb6 Rc1 31. Rxc1 Bxc1 32. Na4 Bf4 33. Kg1 e5
34. Bc5 b3 35. Bd6 Be3+ 36. Kf1 Bd4 37. Ba3 Kf7 38. Ke2 Bc4+ 39. Kd2 Ke6 40. Bb2
Kd5 41. Nc3+ Ke6 42. Nd1 Bxb2 43. Nxb2 Kd5 44. Kc3 Bf1 45. g3 Be2 46. f4 exf4
47. gxf4 Ke4 48. Kxb3 Kxf4 49. Kc3 Ke5 0-1

[Event "11th European Senior"]
[Site "Courmayeur ITA"]
[Date "2011.04.13"]
[Round "8.8"]
[White "Lederman, Leon"]
[Black "Vikulov, Alexander"]
[Result "0-1"]
[WhiteTitle "IM"]
[BlackTitle "FM"]
[WhiteElo "2266"]
[BlackElo "2316"]
[WhiteFideId "2800403"]
[BlackFideId "4121937"]
[EventDate "2011.04.06"]

1. e4 g6 2. d4 Bg7 3. Nc3 c6 4. f4 d5 5. e5 Nh6 6. Be2 f6 7. Nf3 Bg4 8. Nh4 Qc8
9. O-O Bxe2 10. Nxe2 f5 11. b3 e6 12. c4 Bf8 13. Qd3 Na6 14. Bd2 Be7 15. Nf3
dxc4 16. bxc4 O-O 17. Qb3 Rd8 18. Rac1 Nf7 19. Rfd1 Qc7 20. Be3 Qb6 21. Qc3 Qb4
22. Rb1 Qxc3 23. Nxc3 Bb4 24. Ne2 b6 25. Bf2 Kf8 26. Bh4 Rd7 27. Bf6 Be7 28. d5
cxd5 29. Ned4 Bxf6 30. Nxe6+ Ke7 31. Ned4 Bxe5 32. Nc6+ Ke6 33. fxe5 dxc4 34.
Nfd4+ Rxd4 35. Rxd4 Nc5 36. Nb4 Nxe5 37. Re1 Ne4 38. Nc2 b5 39. Ne3 Rc8 40. Nd5
Nd3 0-1

[Event "11th European Senior"]
[Site "Courmayeur ITA"]
[Date "2011.04.13"]
[Round "8.9"]
[White "Valenti, Giuseppe"]
[Black "Plachetka, Jan"]
[Result "0-1"]
[WhiteTitle "FM"]
[BlackTitle "GM"]
[WhiteElo "2143"]
[BlackElo "2355"]
[WhiteFideId "801119"]
[BlackFideId "14900068"]
[EventDate "2011.04.06"]

1. Nf3 c5 2. c4 g6 3. g3 Bg7 4. Bg2 Nc6 5. O-O e6 6. e3 Nge7 7. Nc3 Nf5 8. b3
O-O 9. Bb2 d5 10. d3 Rb8 11. Na4 Bxb2 12. Nxb2 b6 13. Nd2 Bb7 14. Qe2 Qf6 15.
Rab1 Nb4 16. a3 Na2 17. Nd1 Rfd8 18. Nf3 Nc3 19. Nxc3 Qxc3 20. Rfc1 Qf6 21. b4
dxc4 22. dxc4 Be4 23. Rb3 Rbc8 24. b5 Rc7 25. Ne1 Bxg2 26. Kxg2 Rcd7 27. Rd3
Rxd3 28. Nxd3 Nd6 29. f3 h5 30. h4 Nf5 31. f4 Rxd3 0-1

[Event "11th European Senior"]
[Site "Courmayeur ITA"]
[Date "2011.04.13"]
[Round "8.10"]
[White "Werner, Clemens"]
[Black "Hohler, Peter"]
[Result "1-0"]
[WhiteTitle "FM"]
[BlackTitle "FM"]
[WhiteElo "2353"]
[BlackElo "2144"]
[WhiteFideId "4604636"]
[BlackFideId "1300296"]
[EventDate "2011.04.06"]

1. Nf3 Nf6 2. c4 d6 3. d4 Nbd7 4. Nc3 e5 5. Bg5 Be7 6. e3 O-O 7. Qc2 c6 8. Be2
a6 9. O-O Ne8 10. Bxe7 Qxe7 11. Rfd1 f5 12. b4 Ndf6 13. dxe5 dxe5 14. c5 e4 15.
Nd2 Be6 16. Nc4 Bxc4 17. Bxc4+ Kh8 18. a3 Nc7 19. Rd2 Ng4 20. h3 Ne5 21. Ne2
Rfd8 22. Rad1 Rxd2 23. Rxd2 Nxc4 24. Qxc4 Rd8 25. Rxd8+ Qxd8 26. Qf7 Qc8 27. Nd4
g6 28. h4 Qd8 29. h5 Nb5 30. h6 1-0

[Event "11th European Senior"]
[Site "Courmayeur ITA"]
[Date "2011.04.13"]
[Round "8.11"]
[White "Khmiadashvili, Tamar"]
[Black "Rosino, Antonio"]
[Result "0-1"]
[WhiteTitle "WGM"]
[BlackTitle "FM"]
[WhiteElo "2194"]
[BlackElo "2233"]
[WhiteFideId "13600346"]
[BlackFideId "800376"]
[EventDate "2011.04.06"]

1. Nf3 Nf6 2. b3 g6 3. Bb2 Bg7 4. e3 c5 5. d3 Nc6 6. Nbd2 d5 7. Ne5 Qc7 8. Nxc6
Qxc6 9. Be2 Qc7 10. c4 Be6 11. cxd5 Bxd5 12. e4 Bc6 13. Qc2 b6 14. d4 O-O 15. d5
Bb7 16. O-O Nd7 17. Bxg7 Kxg7 18. Qc3+ Qe5 19. Qxe5+ Nxe5 20. f4 Nd7 21. Bf3 e5
22. dxe6 fxe6 23. e5 Bxf3 24. Rxf3 Rad8 25. Ne4 Nb8 26. Nd6 Nc6 27. Re1 Nd4 28.
Rf2 Nf5 29. Ne4 Rd3 30. g3 h6 31. Kg2 Rfd8 32. Rf3 Kf8 33. Rxd3 Rxd3 34. Re2 Ke7
35. Nf2 Rd8 36. g4 Nd4 37. Rb2 Rf8 38. Nh3 Kd7 39. Rd2 Kc6 40. Kg3 Kd5 41. g5 h5
42. Nf2 Rc8 43. f5 exf5 44. Kf4 Re8 45. Nd3 Ne6+ 46. Ke3 Nxg5 47. Rg2 f4+ 48.
Kxf4 Ne6+ 49. Ke3 g5 50. Rd2 h4 51. h3 Rg8 52. Kf3 Nd4+ 53. Kg4 Ke4 54. Rd1 Nc6
55. e6 Re8 56. Kxg5 Nd4 57. e7 Nc6 58. Kxh4 Rxe7 59. Nb2 Ne5 60. Re1+ Kf5 61.
Kg3 Rd7 62. h4 Rg7+ 63. Kh3 Kf4 64. Nc4 Rg3+ 0-1

[Event "11th European Senior"]
[Site "Courmayeur ITA"]
[Date "2011.04.13"]
[Round "8.13"]
[White "Fatalibekova, Elena"]
[Black "Bondick, Karl-Heinz"]
[Result "1-0"]
[WhiteTitle "WGM"]
[WhiteElo "2282"]
[BlackElo "2155"]
[WhiteFideId "4106792"]
[BlackFideId "4692071"]
[EventDate "2011.04.06"]

1. e4 e5 2. Nf3 f5 3. Nxe5 Qf6 4. d4 d6 5. Nc4 fxe4 6. Ne3 c6 7. c4 Qf7 8. Nc3
Nf6 9. Qc2 Be7 10. Nxe4 Nxe4 11. Qxe4 O-O 12. Qc2 Na6 13. a3 Bf6 14. Bd3 Bxd4
15. Bxh7+ Kh8 16. O-O Qh5 17. Bg6 Qh4 18. Bd2 Be5 19. g3 Qf6 20. Bc3 Bxc3 21.
bxc3 Bh3 22. Rfd1 Nc5 23. Rd4 Be6 24. Rh4+ Kg8 25. Rd1 d5 26. cxd5 cxd5 27. Bh7+
Kh8 28. Bf5+ Kg8 29. Bxe6+ Nxe6 30. Nxd5 Qf3 31. Rd3 Qf7 32. Re3 g5 33. Rh6 1-0

[Event "11th European Senior"]
[Site "Courmayeur ITA"]
[Date "2011.04.13"]
[Round "8.14"]
[White "Estrada Martinez, Cesar"]
[Black "Laco, Giuseppe"]
[Result "1-0"]
[WhiteElo "2193"]
[BlackElo "2128"]
[WhiteFideId "2210649"]
[BlackFideId "800880"]
[EventDate "2011.04.06"]

1. c4 g6 2. Nf3 Bg7 3. d4 d6 4. Nc3 c6 5. Bf4 Nd7 6. e3 Qa5 7. Be2 f5 8. O-O
Ndf6 9. Qc2 Nh6 10. a3 Nf7 11. b4 Qd8 12. h3 h6 13. Bd3 g5 14. Bh2 Qd7 15. Rfe1
O-O 16. e4 fxe4 17. Nxe4 g4 18. Nh4 Nh8 19. Nxf6+ Rxf6 20. Re3 Kf7 21. Rae1 Bf8
22. d5 cxd5 23. cxd5 b5 24. Re6 Qb7 25. Rxf6+ exf6 26. Bf5 Kg8 27. hxg4 Bd7 28.
Be6+ Bxe6 29. dxe6 Rc8 30. Qf5 Re8 31. Qh5 Qc6 32. Bf4 d5 33. Qf5 d4 34. Ng6 Bg7
35. Nxh8 Kxh8 36. e7 Kg8 37. Rc1 Qa8 38. Rc7 Kf7 39. Qh5+ Ke6 40. Qf5+ Kf7 41.
Qh7 Rxe7 42. Rxe7+ Kxe7 43. Qxg7+ Ke6 44. Qxh6 Qe4 45. g5 Qe1+ 46. Kh2 Qxf2 47.
Qxf6+ Kd5 48. g6 1-0

[Event "11th European Senior"]
[Site "Courmayeur ITA"]
[Date "2011.04.13"]
[Round "8.15"]
[White "Sinelnikov, Igor"]
[Black "Vrhovnik, Damir"]
[Result "1-0"]
[WhiteElo "2190"]
[BlackElo "2063"]
[WhiteFideId "4145356"]
[BlackFideId "14526956"]
[EventDate "2011.04.06"]

1. e4 c5 2. g3 d5 3. Bg2 dxe4 4. Bxe4 Nf6 5. Bg2 Nc6 6. Nc3 Bg4 7. Nf3 Qd7 8. h3
Bf5 9. d3 h6 10. Bf4 e6 11. Ne5 Nxe5 12. Bxe5 Be7 13. Qf3 1-0

[Event "11th European Senior"]
[Site "Courmayeur ITA"]
[Date "2011.04.13"]
[Round "8.16"]
[White "Jackson, Oliver A"]
[Black "Antonelli, Fabrizio"]
[Result "1-0"]
[WhiteElo "2186"]
[BlackElo "2100"]
[WhiteFideId "403156"]
[BlackFideId "815101"]
[EventDate "2011.04.06"]

1. e4 e5 2. f4 exf4 3. Nf3 d5 4. exd5 Nf6 5. Bc4 Bd6 6. O-O O-O 7. d4 Nbd7 8.
Bb3 b5 9. a4 b4 10. c4 bxc3 11. bxc3 Bb7 12. c4 c5 13. dxc6 Bxc6 14. c5 Bxf3 15.
Qxf3 Bc7 16. Bxf4 Nxc5 17. dxc5 Qd4+ 18. Qf2 Qxa1 19. Bxc7 Rfe8 20. h3 Re7 21.
Bd6 Rd7 22. Re1 Re8 23. Rf1 Rb7 24. Nd2 Qc3 25. Qf3 Qd4+ 26. Kh2 Rb4 27. Bf4
Qxc5 28. g4 h6 29. Bxh6 gxh6 30. Bxf7+ Kf8 31. Bxe8 Qd6+ 32. Kh1 Kxe8 33. Qxf6
Qxd2 34. Qe6+ Kd8 35. Rf8+ 1-0

[Event "11th European Senior"]
[Site "Courmayeur ITA"]
[Date "2011.04.13"]
[Round "8.17"]
[White "Iudicello, Giovanni"]
[Black "Bayer, Wolfgang"]
[Result "1/2-1/2"]
[WhiteElo "2180"]
[BlackElo "2073"]
[WhiteFideId "804738"]
[BlackFideId "24629251"]
[EventDate "2011.04.06"]

1. e4 c5 2. Nf3 Nc6 3. d4 cxd4 4. Nxd4 g6 5. Nc3 Bg7 6. Be3 Nf6 7. Bc4 O-O 8.
Bb3 Qa5 9. O-O a6 10. h3 d6 11. f4 Bd7 12. Nf3 Qd8 13. Rf2 Na5 14. e5 Ne8 15.
Nd5 Nxb3 16. Bb6 Qb8 17. Nxe7+ Kh8 18. cxb3 Bc6 19. Nxc6 bxc6 20. Bd4 d5 21. Rc1
Qb7 22. Rfc2 Rc8 23. Rc3 Nc7 24. Rxc6 Ne6 25. Rxc8 Rxc8 26. Rxc8+ Qxc8 27. Be3
Qb7 28. Qc2 Bh6 29. Qd2 Bf8 30. Nd4 Nc5 31. Qc2 Ne4 32. a3 Bc5 33. b4 Bb6 34.
Qd3 Qa7 35. Nc2 h5 36. Kh2 h4 37. Bxb6 Qxb6 38. Qxd5 Ng3 39. Qc5 Qb7 40. Qc4 Kg7
41. Ne1 Qd7 42. Qd3 Qa7 43. Qf3 Qd4 44. e6 fxe6 45. Qc3 Nf1+ 46. Kh1 Ng3+ 1/2-1/2

[Event "11th European Senior"]
[Site "Courmayeur ITA"]
[Date "2011.04.13"]
[Round "8.19"]
[White "Weisenburger, Horst"]
[Black "Capece, Adolivio"]
[Result "1-0"]
[WhiteElo "2179"]
[BlackElo "2049"]
[WhiteFideId "4654536"]
[BlackFideId "807664"]
[EventDate "2011.04.06"]

1. f4 Nf6 2. Nf3 c5 3. g3 Nc6 4. Bg2 d6 5. d3 g6 6. e4 Bg7 7. O-O Bg4 8. h3 Bd7
9. Nc3 Qc8 10. Kh2 h5 11. Nh4 Nd4 12. Ne2 Nh7 13. Ng1 Qc7 14. c3 Nc6 15. Be3 Qb6
16. Qd2 Qa5 17. a3 Qa4 18. b4 b6 19. Ne2 Qa6 20. d4 cxd4 21. cxd4 Qc8 22. Rac1
Qd8 23. d5 Nb8 24. Bd4 O-O 25. e5 Bb5 26. Rfe1 Bxe2 27. Qxe2 Nd7 28. Rc6 Rc8 29.
Rec1 Nc5 30. bxc5 bxc5 31. exd6 exd6 32. Bxg7 Kxg7 33. Qa6 1-0

[Event "11th European Senior"]
[Site "Courmayeur ITA"]
[Date "2011.04.13"]
[Round "8.21"]
[White "Muratoglu, Salih"]
[Black "Van Oosten, Arend"]
[Result "0-1"]
[WhiteElo "2076"]
[BlackElo "2170"]
[WhiteFideId "6300570"]
[BlackFideId "1006053"]
[EventDate "2011.04.06"]

1. d4 f5 2. c4 Nf6 3. Nc3 e6 4. Bg5 Be7 5. Nf3 O-O 6. e3 d5 7. Be2 c6 8. cxd5
cxd5 9. Ne5 Qb6 10. Qc2 Nc6 11. f4 Bb4 12. O-O Nxe5 13. fxe5 Bxc3 14. bxc3 Ne4
15. Bh4 Bd7 16. Bf3 Bb5 17. Rfb1 Qc6 18. a4 Ba6 19. Be7 Nxc3 20. Rc1 Rfc8 21.
Qb3 Qd7 22. Bd6 Ne4 23. Bxe4 fxe4 24. Qd1 Rxc1 25. Rxc1 Rc8 26. Rxc8+ Qxc8 27.
Qe1 Qc4 28. a5 b6 29. h3 h6 30. Qf2 bxa5 31. Bc5 a4 32. Qf8+ Kh7 33. Qf7 Qc1+
34. Kh2 Qxe3 35. h4 Qe1 36. Be7 Qf1 37. Qxe6 Qf4+ 38. Kg1 Qe3+ 39. Kh1 Qc1+ 40.
Kh2 Qf4+ 41. Kg1 Be2 42. Qxd5 e3 43. e6 Bg4 44. Bd8 e2 0-1

[Event "11th European Senior"]
[Site "Courmayeur ITA"]
[Date "2011.04.13"]
[Round "8.22"]
[White "Kierzek, Mira"]
[Black "Miednikova, Swietlana"]
[Result "1/2-1/2"]
[WhiteTitle "WFM"]
[BlackTitle "WFM"]
[WhiteElo "2044"]
[BlackElo "2169"]
[WhiteFideId "15002110"]
[BlackFideId "4109961"]
[EventDate "2011.04.06"]

1. d4 e6 2. c4 f5 3. g3 Nf6 4. Bg2 d5 5. Nf3 Bd6 6. O-O c6 7. b3 Qe7 8. Bb2 O-O
9. Ne5 b6 10. Nd2 Bb7 11. Rc1 Na6 12. cxd5 cxd5 13. Nd3 Nb4 14. Nxb4 Bxb4 15.
Nf3 Ne4 16. Ne5 Rac8 17. Qd3 a6 18. Rxc8 Rxc8 19. Rc1 Rxc1+ 20. Bxc1 Qc7 21. Bb2
Bd6 22. Bxe4 fxe4 23. Qc3 Qxc3 24. Bxc3 Bxe5 1/2-1/2

[Event "11th European Senior"]
[Site "Courmayeur ITA"]
[Date "2011.04.13"]
[Round "8.23"]
[White "Quagliarella, Sabino Remo"]
[Black "Barlocco, Carlo"]
[Result "1/2-1/2"]
[BlackTitle "FM"]
[WhiteElo "1889"]
[BlackElo "2162"]
[WhiteFideId "822469"]
[BlackFideId "802450"]
[EventDate "2011.04.06"]

1. d4 Nf6 2. c4 c6 3. Nf3 d5 4. e3 g6 5. Be2 Bg7 6. Nc3 O-O 7. O-O Nbd7 8. b3 b6
9. cxd5 cxd5 10. Ba3 Bb7 11. Rc1 a6 12. Nd2 Re8 13. Bf3 e5 14. dxe5 Nxe5 15. Be2
Rc8 16. Nf3 Ne4 17. Nxe4 Nxf3+ 18. Bxf3 dxe4 19. Bg4 f5 20. Be2 b5 21. Rxc8 Qxc8
22. Qc1 Rd8 23. Qxc8 Rxc8 24. Rc1 Rxc1+ 25. Bxc1 Bc3 26. a4 b4 27. Bc4+ Kg7 28.
Kf1 a5 29. Ke2 Kf6 30. Bd2 Be5 31. h3 g5 32. f4 exf3+ 33. gxf3 Bc7 34. Be1 h5
35. h4 Kg6 36. Bf2 Bd8 37. hxg5 Kxg5 38. Bg3 h4 39. Bf4+ Kf6 40. Kf2 Kg6 41. Be6
Bg5 42. Bh2 Kf6 43. Bc4 f4 44. exf4 Bh6 45. Ke2 Bf8 1/2-1/2

[Event "11th European Senior"]
[Site "Courmayeur ITA"]
[Date "2011.04.13"]
[Round "8.25"]
[White "Colombo, Paolo"]
[Black "Sevenyuk, Alexey"]
[Result "1-0"]
[WhiteElo "2130"]
[BlackElo "1932"]
[WhiteFideId "802379"]
[BlackFideId "13504606"]
[EventDate "2011.04.06"]

1. d4 Nf6 2. Nf3 d6 3. c4 Nbd7 4. Nc3 e5 5. e4 Be7 6. Be2 O-O 7. O-O Re8 8. Qc2
b6 9. Rd1 exd4 10. Nxd4 Bb7 11. Bg5 Bf8 12. f3 Kh8 13. Nf5 g6 14. Nh6 Bxh6 15.
Bxh6 Ng8 16. Be3 h6 17. Bf1 a6 18. Qf2 Kh7 19. b4 Qe7 20. Rac1 Rac8 21. Nd5 Qe6
22. Qh4 Ndf6 23. Bxh6 Nh5 24. Bg5 f6 25. Be3 f5 26. exf5 Qxf5 27. Bd3 Qe5 28.
Be4 Qe6 29. Qxh5+ 1-0